000 01246nam a22002777a 4500
003 dpl
005 20170204143903.0
008 170204b xxu||||| |||| 00| 0 eng d
010 _aB-048540, B-048546
020 _c200.00
035 _aB-048540, B-048546
037 _bCen Lib/Ret
040 _aDPL
_bHN
_cDPL
082 _a827
_bमिश्ररा
100 _aमिश्र, रामप्रसाद
_946106
245 _aहास्य का इन्द्रधनुष /
_cरामप्रसाद मिश्र
246 _aHasya ka indradhanush /
_bby Ramprasad Mishra
260 _aनई दिल्ली
_bस्नेह साहित्य सदन
_c2001
270 _bनई दिल्ली
_a3072/9, प्रताप स्ट्रीट, गोला मार्किट, दरयागंज
_e110002
300 _a192पृ.
_c20सेमी(सजिल्द)
650 _aहिन्दी साहित्य
_946107
650 _aहिन्दी साहित्य -- कहानियाँ
_946108
650 _aHindi literature
_946109
650 _aHindi literature -- stories
_946110
942 _2ddc
_cHN
_h827
_mमिश्ररा
999 _c112151
_d112151